<?xml version="1.0" encoding="UTF-8"?>
<record
    xmlns:xsi="http://www.w3.org/2001/XMLSchema-instance"
    xsi:schemaLocation="http://www.loc.gov/MARC21/slim http://www.loc.gov/standards/marcxml/schema/MARC21slim.xsd"
    xmlns="http://www.loc.gov/MARC21/slim">

  <leader>00700nam a22001577a 4500</leader>
  <controlfield tag="003">OSt</controlfield>
  <controlfield tag="005">20200609140930.0</controlfield>
  <controlfield tag="008">150921b        xxu||||| |||| 00| 0 eng d</controlfield>
  <datafield tag="040" ind1=" " ind2=" ">
    <subfield code="c">RUA</subfield>
  </datafield>
  <datafield tag="082" ind1=" " ind2=" ">
    <subfield code="a">AGR PO 2009 B040 Or.1</subfield>
    <subfield code="2">https://drive.google.com/file/d/1siGklcXNCc4ahkE-gCCTGBnOnZP0fQo8/view?usp=sharing</subfield>
  </datafield>
  <datafield tag="100" ind1=" " ind2=" ">
    <subfield code="9">997</subfield>
    <subfield code="a">PO, SOVANNARETH.</subfield>
  </datafield>
  <datafield tag="245" ind1=" " ind2=" ">
    <subfield code="a">Market chain of rice product in angkor borey district takeo province &#x1781;&#x17D2;&#x179F;&#x17C2;&#x1785;&#x1784;&#x17D2;&#x179C;&#x17B6;&#x1780;&#x17CB;&#x1791;&#x17B8;&#x1795;&#x17D2;&#x179F;&#x17B6;&#x179A;&#x1795;&#x179B;&#x17B7;&#x178F;&#x1795;&#x179B;&#x179F;&#x17D2;&#x179A;&#x17BC;&#x179C; &#x17A2;&#x1784;&#x17D2;&#x1780;&#x179A;&#x1793;&#x17C5;&#x179F;&#x17D2;&#x179A;&#x17BB;&#x1780;&#x17A2;&#x1784;&#x17D2;&#x1782;&#x179A;&#x1794;&#x17BC;&#x179A;&#x17B8; &#x1781;&#x17C1;&#x178F;&#x17D2;&#x178F;&#x178F;&#x17B6;&#x1780;&#x17C2;&#x179C;</subfield>
  </datafield>
  <datafield tag="260" ind1=" " ind2=" ">
    <subfield code="a">Phnom Penh </subfield>
    <subfield code="b">RUA</subfield>
    <subfield code="c">2009</subfield>
  </datafield>
  <datafield tag="300" ind1=" " ind2=" ">
    <subfield code="a">vii; 39p.</subfield>
    <subfield code="b">ill.</subfield>
    <subfield code="c">29cm.</subfield>
  </datafield>
  <datafield tag="942" ind1=" " ind2=" ">
    <subfield code="2">ddc</subfield>
    <subfield code="c">AGR</subfield>
  </datafield>
  <datafield tag="999" ind1=" " ind2=" ">
    <subfield code="c">957</subfield>
    <subfield code="d">957</subfield>
  </datafield>
  <datafield tag="952" ind1=" " ind2=" ">
    <subfield code="0">0</subfield>
    <subfield code="1">0</subfield>
    <subfield code="2">ddc</subfield>
    <subfield code="4">0</subfield>
    <subfield code="6">AGR_PO_2009_000000000000000_B040_OR_1</subfield>
    <subfield code="7">0</subfield>
    <subfield code="9">3943</subfield>
    <subfield code="a">LBB</subfield>
    <subfield code="b">LBB</subfield>
    <subfield code="c">B040</subfield>
    <subfield code="d">2015-09-21</subfield>
    <subfield code="o">AGR PO 2009 B040 Or.1</subfield>
    <subfield code="p">RUA000724</subfield>
    <subfield code="r">2015-09-21</subfield>
    <subfield code="w">2015-09-21</subfield>
    <subfield code="y">AGR</subfield>
  </datafield>
  <datafield tag="952" ind1=" " ind2=" ">
    <subfield code="0">0</subfield>
    <subfield code="1">0</subfield>
    <subfield code="2">ddc</subfield>
    <subfield code="4">0</subfield>
    <subfield code="6">AGR_PO_2009_000000000000000_B040_OR_2</subfield>
    <subfield code="7">0</subfield>
    <subfield code="9">3944</subfield>
    <subfield code="a">LBB</subfield>
    <subfield code="b">LBB</subfield>
    <subfield code="c">B040</subfield>
    <subfield code="d">2015-09-21</subfield>
    <subfield code="l">1</subfield>
    <subfield code="o">AGR PO 2009 B040 Or.2</subfield>
    <subfield code="p">RUA000646</subfield>
    <subfield code="r">2021-01-04</subfield>
    <subfield code="s">2020-12-25</subfield>
    <subfield code="w">2015-09-21</subfield>
    <subfield code="y">AGR</subfield>
  </datafield>
  <datafield tag="952" ind1=" " ind2=" ">
    <subfield code="0">0</subfield>
    <subfield code="1">0</subfield>
    <subfield code="2">ddc</subfield>
    <subfield code="4">0</subfield>
    <subfield code="6">AGR_PO_2009_000000000000000_B040_OR_3</subfield>
    <subfield code="7">0</subfield>
    <subfield code="9">3945</subfield>
    <subfield code="a">LBB</subfield>
    <subfield code="b">LBB</subfield>
    <subfield code="c">B040</subfield>
    <subfield code="d">2015-09-21</subfield>
    <subfield code="o">AGR PO 2009 B040 Or.3</subfield>
    <subfield code="p">RUA000949</subfield>
    <subfield code="r">2015-09-21</subfield>
    <subfield code="w">2015-09-21</subfield>
    <subfield code="y">AGR</subfield>
  </datafield>
  <datafield tag="952" ind1=" " ind2=" ">
    <subfield code="0">0</subfield>
    <subfield code="1">0</subfield>
    <subfield code="2">ddc</subfield>
    <subfield code="4">0</subfield>
    <subfield code="6">AGR_PO_2009_000000000000000_B040_OR_4</subfield>
    <subfield code="7">0</subfield>
    <subfield code="9">5008</subfield>
    <subfield code="a">LBB</subfield>
    <subfield code="b">LBB</subfield>
    <subfield code="c">B040</subfield>
    <subfield code="d">2015-09-24</subfield>
    <subfield code="o">AGR PO 2009 B040 Or.4</subfield>
    <subfield code="p">RUA001388</subfield>
    <subfield code="r">2015-09-24</subfield>
    <subfield code="w">2015-09-24</subfield>
    <subfield code="y">AGR</subfield>
  </datafield>
  <datafield tag="952" ind1=" " ind2=" ">
    <subfield code="0">0</subfield>
    <subfield code="1">0</subfield>
    <subfield code="2">ddc</subfield>
    <subfield code="4">0</subfield>
    <subfield code="6">AGR_PO_2009_000000000000000_B040_OR_5</subfield>
    <subfield code="7">0</subfield>
    <subfield code="9">5692</subfield>
    <subfield code="a">LBB</subfield>
    <subfield code="b">LBB</subfield>
    <subfield code="c">B049</subfield>
    <subfield code="d">2015-09-27</subfield>
    <subfield code="l">1</subfield>
    <subfield code="o">AGR PO 2009 B040 Or.5</subfield>
    <subfield code="p">RUA018775</subfield>
    <subfield code="r">2016-02-17</subfield>
    <subfield code="s">2016-02-13</subfield>
    <subfield code="w">2015-09-27</subfield>
    <subfield code="y">AGR</subfield>
  </datafield>
  <datafield tag="952" ind1=" " ind2=" ">
    <subfield code="0">0</subfield>
    <subfield code="1">0</subfield>
    <subfield code="2">ddc</subfield>
    <subfield code="4">0</subfield>
    <subfield code="6">AGR_PO_2009_000000000000000_B040_OR_6</subfield>
    <subfield code="7">0</subfield>
    <subfield code="9">5693</subfield>
    <subfield code="a">LBB</subfield>
    <subfield code="b">LBB</subfield>
    <subfield code="c">B049</subfield>
    <subfield code="d">2015-09-27</subfield>
    <subfield code="l">1</subfield>
    <subfield code="o">AGR PO 2009 B040 Or.6</subfield>
    <subfield code="p">RUA019509</subfield>
    <subfield code="r">2018-05-25</subfield>
    <subfield code="s">2018-05-11</subfield>
    <subfield code="w">2015-09-27</subfield>
    <subfield code="y">AGR</subfield>
  </datafield>
  <datafield tag="952" ind1=" " ind2=" ">
    <subfield code="0">0</subfield>
    <subfield code="1">0</subfield>
    <subfield code="2">ddc</subfield>
    <subfield code="4">0</subfield>
    <subfield code="6">AGR_PO_2009_000000000000000_B040_OR_7</subfield>
    <subfield code="7">0</subfield>
    <subfield code="9">5694</subfield>
    <subfield code="a">LBB</subfield>
    <subfield code="b">LBB</subfield>
    <subfield code="c">B049</subfield>
    <subfield code="d">2015-09-27</subfield>
    <subfield code="o">AGR PO 2009 B040 Or.7</subfield>
    <subfield code="p">RUA018990</subfield>
    <subfield code="r">2015-09-27</subfield>
    <subfield code="w">2015-09-27</subfield>
    <subfield code="y">AGR</subfield>
  </datafield>
  <datafield tag="952" ind1=" " ind2=" ">
    <subfield code="0">0</subfield>
    <subfield code="1">0</subfield>
    <subfield code="2">ddc</subfield>
    <subfield code="4">0</subfield>
    <subfield code="6">AGR_PO_2009_000000000000000_B040_OR_8</subfield>
    <subfield code="7">0</subfield>
    <subfield code="9">5695</subfield>
    <subfield code="a">LBB</subfield>
    <subfield code="b">LBB</subfield>
    <subfield code="c">B049</subfield>
    <subfield code="d">2015-09-27</subfield>
    <subfield code="o">AGR PO 2009 B040 Or.8</subfield>
    <subfield code="p">RUA018561</subfield>
    <subfield code="r">2015-09-27</subfield>
    <subfield code="w">2015-09-27</subfield>
    <subfield code="y">AGR</subfield>
  </datafield>
</record>
